000 01113nam a22002657a 4500
001 BD-DhSAU 7469
003 BD-DhSAU
005 20231004102505.0
008 150422b2006 bg ||||| m||m 00| 0 eng d
040 _aBD-DhSAU
082 _222
_a636.21
_bB545
100 _aBISWAS, LITA
_eRegistration No. # 12-04868
245 _aMicrobial assessment of raw and processed milk along with antibiogram profiling of selected isolated bacterial species /
_bMS thesis
260 _aSher-e- Bangla Agricultural University:
_bDepartment of Dairy Science,
_c2022.
300 _axii, 71p.:
_b30 cm.
500 _aMS thesis of Department of Dairy Science, Faculty of Animal Science, Sher-e-Bangla Agricultural University, Dhaka, Bangladesh
590 _aNamul
650 _araw and processed milk
651 _aantibiogram profiling
654 _aisolated bacterial species
700 _aProfessor Dr. Md. Asaduzzaman
_eSuperviser
700 _aProf. Dr. Md. Saiful Islam
_eCo-Superviser
856 _uhttp://archive.saulibrary.edu.bd:8080/xmlui/handle/123456789/4987
942 _2ddc
_cTHESIS
999 _c17082
_d17081